| 000 | 00367nam a22001217a 4500 | ||
|---|---|---|---|
| 082 | _a200 THE | ||
| 100 |
_aNadia Ambreen _969678 |
||
| 245 | _aTH-SOF-1602-Inventory Optimization in Manufacturing Organizations | ||
| 260 |
_aISLAMABAD _b NUST COLLEGE OF EME _c2018 |
||
| 650 |
_aMS-CSE-15 MSTHESIS _969366 |
||
| 700 |
_aSupervisor Dr. Urooj Fatima _969679 |
||
| 942 | _cCF | ||
| 999 |
_c576859 _d576859 |
||